| 000 | 00913cam a22002651 4500 | ||
|---|---|---|---|
| 001 | 7964294 | ||
| 005 | 20080429183049.0 | ||
| 008 | 741011s1961 nyu | 000 0 eng d | ||
| 010 | _a 61014051 | ||
| 035 | _a(OCoLC)1039304 | ||
| 040 |
_aDLC _cOAU _dOCoLC _dDLC |
||
| 042 | _apremarc | ||
| 050 | 0 | 0 |
_aD843 _b.M69 |
| 082 |
_a327.174 _bMOR _222 |
||
| 100 | 1 |
_aMorray, J. P. _q(Joseph P.), _d1916- _99928 |
|
| 245 | 1 | 0 |
_aFrom Yalta to Disarmament: _bCold War Debate/ _cby Joseph P. Morray |
| 260 |
_aNew York: _bMR, _c1961. |
||
| 300 |
_axii, 368 p.; _c24 cm. |
||
| 500 | _aDonation | ||
| 504 | _aIncludes bibliographical references. | ||
| 650 | 0 |
_aWorld politics _y1945-1989. _99929 |
|
| 650 | 0 |
_aDisarmament. _99930 |
|
| 942 |
_2ddc _cBB |
||
| 999 |
_c13035 _d13035 |
||